El fuego y el relato
שמור ב:
| מחבר ראשי: | |
|---|---|
| פורמט: | ספר |
| שפה: | ספרדית |
| יצא לאור: |
Madrid
Editorial Sexto Piso
2014
|
| מהדורה: | 1a. ed |
| נושאים: | |
| תגים: |
הוספת תג
אין תגיות, היה/י הראשונ/ה לתייג את הרשומה!
|
MARC
| LEADER | 00000cam a2200000 a 4500 | ||
|---|---|---|---|
| 001 | UCC0978 | ||
| 003 | CL-VaPUC | ||
| 008 | 170915e20140000sp |||||||||||||||||spa|d | ||
| 020 | |a 9788416358922 | ||
| 082 | 0 | 4 | |a 854 |b AGA |2 21 |
| 100 | 0 | |a Agamben, Giorgio |e author |9 594944 | |
| 245 | 1 | 3 | |a El fuego y el relato |
| 250 | |a 1a. ed | ||
| 300 | |a 108 p | ||
| 942 | |c BK | ||
| 945 | |d 20170915 11:20:00 |a arojas | ||
| 260 | |a Madrid |b Editorial Sexto Piso |c 2014 | ||
| 650 | 7 | |a ENSAYOS ITALIANOS |2 CL-VaPUC |9 313702 | |
| 650 | 0 | |a Filosofía del arte |9 264951 | |
| 650 | 0 | |a Filosofía contemporánea |9 265372 | |
| 583 | |a last modification |c 20170915 11:20:00 |k Rodrigo Vera | ||
| 999 | |c 369591 |d 369589 | ||
| 952 | |0 0 |1 0 |3 erb |4 0 |6 854_000000000000000_AGA_2014 |7 0 |8 A |9 485515 |a BIBART |b BIBART |i 5424100 |o 854 AGA 2014 |p 5424100 |r 2025-03-13 |w 2019-11-24 |y BK |z Catalogado en:20170915 |k ART | ||